000 00518nam a22001577a 4500
008 161108b xxu||||| |||| 00| 0 eng d
050 _aHV446.W49 1958
100 _aWhyte,Foote William
_927341
245 _aStreet corner society
_b:the social structure of an Italian slum
_c/William Foote Whyte
250 _a2nd ed.
260 _aChicago
_bUniversity of Chicago Press
_c1955
300 _axx,364p.;
_c20cm.
650 _aGangs
_zUnited States
_927342
650 _aItalian Americans
_927343
942 _2lcc
_cMONOGRAPH
999 _c125691
_d125691